00331nam a2200157Ia 4500008004100000041000800041100001000049245001900059260002500078300000800103365001200111500000900123520001200132650001000144999001900154230605s2008 xx 000 0 und d aeng abrian aNapkin origami bSterling Book c2008 a122 b586h10 a2104 aGeneral aF. B. c419234d419234